Proceedings of the Society for Consumer psychology. 1988 Annual Convention of the American Psychological Association. Division 23 - Consumer psychology. August 12-15, 1988
Salvato in:
| Natura: | Libro |
|---|---|
| Lingua: | inglese |
| Pubblicazione: |
Knoxville
University of Tennessee
1989
|
| Edizione: | 1. ed. |
| Soggetti: | |
| Tags: |
Nessun Tag, puoi essere il primo ad aggiungerne!!
|
MARC
| LEADER | 00000nam a2200000 4500 | ||
|---|---|---|---|
| 001 | c001072 | ||
| 005 | 20221215114332.8 | ||
| 041 | 0 | |a eng | |
| 044 | |a US | ||
| 245 | 1 | 0 | |a Proceedings of the Society for Consumer psychology. 1988 Annual Convention of the American Psychological Association. Division 23 - Consumer psychology. August 12-15, 1988 |
| 250 | |a 1. ed. | ||
| 264 | 1 | |a Knoxville |b University of Tennessee |c 1989 | |
| 300 | |a 192 s. | ||
| 610 | 2 | 0 | |a psychológia predaja |
| 610 | 2 | 0 | |a spotrebitelia |
| 610 | 2 | 0 | |a konferencie |
| 610 | 2 | 0 | |a Atlanta |
| 610 | 2 | 0 | |a 1988 |
| 610 | 2 | 0 | |a predaj |
| 610 | 2 | 0 | |a obchod |
| 610 | 2 | 0 | |a modely spotreby |
| 610 | 2 | 0 | |a rozhodovanie |
| 610 | 2 | 0 | |a motivácia |
| 610 | 2 | 0 | |a rodina |